| 000 | 00629nam a2200205Ia 4500 | ||
|---|---|---|---|
| 003 | GCL | ||
| 008 | 140319s9999 xx 000 0 ara d | ||
| 020 | _a1 11209777 | ||
| 040 |
_aGCL / _cGCL |
||
| 082 | 0 | 4 |
_a953 _bس ا |
| 100 | 1 | _aسليمان حزين | |
| 245 | 1 | 0 |
_aارض العروبة : _bرؤية حضارية فى المكان و الزمان / _cسليمان حزين |
| 260 |
_aالقاهرة : _bدار الشروق ، _c1993 |
||
| 300 |
_a402 ص ؛ _c24 سم |
||
| 490 | _a | ||
| 650 | 0 | 4 | _aالعالم العربى |
| 650 | 0 | 4 | _aتاريخ |
| 650 | 0 | 4 | _aالحضارة الاسلامية |
| 942 |
_2ddc _cBK |
||
| 999 |
_c31654 _d31654 |
||